| 000 | 01462cam a2200397 a 4500 | ||
|---|---|---|---|
| 999 |
_c174639 _d174639 |
||
| 001 | 13117627 | ||
| 003 | Nust | ||
| 005 | 20180704080752.0 | ||
| 008 | 030310r20031860nyu 000 1 eng | ||
| 010 | _a 2003046065 | ||
| 020 |
_a9780141439624 _cRs. 476 |
||
| 038 | _aArshad | ||
| 040 |
_aDLC _cDLC _dDLC |
||
| 043 | _ae-uk-en | ||
| 050 | 0 | 0 |
_aPR4661 _b.A1 2003 |
| 082 | 0 | 0 |
_a823.8 _bELI |
| 100 | 1 |
_aEliot, George, _d1819-1880. _911431 |
|
| 245 | 1 | 4 |
_aThe mill on the floss / _cGeorge Eliot. |
| 260 |
_aMineola, N.Y. : _bDover Publications, _c2003. |
||
| 300 |
_aix,579 p. ; _c21 cm. |
||
| 650 | 0 |
_aConflict of generations _vFiction. _99941 |
|
| 650 | 0 |
_aYoung women _vFiction. _93694 |
|
| 650 | 0 |
_aLoss (Psychology) _vFiction. _911432 |
|
| 650 | 0 |
_aYoung women _vFiction. _93694 |
|
| 650 | 0 |
_aWater mills _vFiction. _911433 |
|
| 650 | 0 |
_aVendetta _vFiction. _95713 |
|
| 651 | 0 |
_aEngland _vFiction. _91072 |
|
| 655 | 7 |
_aPsychological fiction. _2lcsh _9953 |
|
| 655 | 7 |
_aDomestic fiction. _2lcsh _94525 |
|
| 655 | 7 |
_aLove stories. _2gsafd _9418 |
|
| 856 | 4 | 2 |
_3Publisher description _uhttp://www.loc.gov/catdir/description/dover032/2003046065.html |
| 856 | 4 | 2 |
_3Contributor biographical information _uhttp://www.loc.gov/catdir/enhancements/fy1501/2003046065-b.html |
| 906 |
_a7 _bcbc _corignew _d1 _eocip _f20 _gy-gencatlg |
||
| 942 |
_2ddc _cBK |
||